00473nam a2200085Ia 4500008004100000245001500041300027500056650000900331856004700340170517s9999 xx 000 0 und d aArt Sleuth aUsing unique detective-like approach the author analyzes famous artworks of Van Gogh, Manet, Botticelli, Vigee Le Brun, Rembrandt, Holbein, Bellini, Carpaccio, and Bruegel. Van Gogh painted "The Starry Night" in a sanatorium, a year before he committed suicide. While... xArt. uhttp://topdocumentaryfilms.com/art-sleuth/